000 02095nam a2200253Ia 4500
003 Ost
005 20260507075059.0
008 260507s9999||||xx |||||||||||||| ||und||
020 _a7113603977
040 _cfsecg
041 _aara
082 _a346.07
100 _aجمعة، أحمد محمود
_eمؤلف
245 0 _aأحكام عقد الحساب الجاري في قانون التجارة الجديد /
_c أحمد محمود جمعة
260 _aالاسكندرية:
_bمنشأة المعارف,
_c2003
300 _a204 صفحة؛
_c25 سم
490 _aالكتب القانونية
504 _aببليوغرافيا ص.204
520 _aقاعدة عدم تجزئة المفردات المقيدة في الحساب الجاري هي الركيزة الأساسية التي تقوم عليها أحكام عقد الحساب الجاري في قانون التجارة الجديد رقم 17 لسنة 1999،قاعدة الأثر التجديدي للحقوق التي تقيدبالحساب الجاري،رفض المشرع لنظرية المقاصة المتتابعة في قانون التجارة الجديد،نظرية عدم تجزئة مفردات الحساب الجاري،تطبيقات مبدأعدم تجزئة مفردات الحساب الجاري،عدم جواز التمسك بالقاصة بين مفردات الحساب الجاري أثناء تشغيله،عدم جواز مطالبة أحد طرفي الحساب الجاري الطرف الآخر بقيمة أحد مفردات الحساب،عدم جواز سحب أوراق تجارية على مفردات الحساب الجاري،الحجز على الرصيد المؤقت للحساب الجاري- تحديد نطاق تطبيق قاعدة الخطر،الاستثناءات الواردة على قاعدة الخطر،المسؤولية المدنية والجنائية عن مخالفة الخطر بتصحيح الحساب الجاري
653 _aالحساب الجاري
653 _aالقانون التجاري
653 _aتجارة
942 _cكتاب
999 _c42774
_d42774